| 000 | 00753cam a22002054a 4500 | ||
|---|---|---|---|
| 005 | 20250605164129.0 | ||
| 008 | 250528s ||||||||||||||||||||||||d | ||
| 035 | _a18588 | ||
| 020 | _a801611989 | ||
| 040 |
_aGR-AtMCL _bgre _dGR-AtMCL _eAACR2 |
||
| 245 | 1 | _aRadiology in Primary Care | |
| 260 |
_bThe C.V. Mosby Company, _c1975 |
||
| 300 | _a330 | ||
| 520 | _aThe Radiographic Image and the Radiologic Facility, The Chest, The Abdomen, The Genitourinary System, Orthopedics, The Head and Spinal Axis, Special Procedures, Nuclear Medicine, Radiation Oncology, Radiation Biology, The Patient in the X-Ray Facility. | ||
| 700 | 1 |
_aDarlymple Glenn V _94849 |
|
| 700 | 1 |
_aSlayden John E _94850 |
|
| 942 | _cBK | ||
| 999 |
_c3937 _d3937 |
||